| 000 | 00455nam a22001937a 4500 | ||
|---|---|---|---|
| 003 | OSt | ||
| 005 | 20180116183025.0 | ||
| 008 | 151203b xxu||||| |||| 00| 0 eng d | ||
| 020 | _a0 | ||
| 040 | _c0 | ||
| 082 | _a813.54 MOR 1987 | ||
| 100 | _aJanet Morris | ||
| 245 |
_aAngels In Heell _cJanet Morris |
||
| 260 |
_aUSA _bSimon & Schuster _c1987 |
||
| 300 |
_a307 p. _bPB |
||
| 440 | _aAngels In Heell | ||
| 600 | _aJanet Morris | ||
| 942 |
_2ddc _cBK |
||
| 999 |
_c350766 _d350766 |
||